header

The philosophy of Chinese military culture (Record no. 94601)

MARC details
000 -LEADER
fixed length control field 01332nam a2200349Ia 4500
082 04 - DEWEY DECIMAL CLASSIFICATION NUMBER
Classification number 355.001
100 1# - MAIN ENTRY--AUTHOR NAME
Personal name Mott, William H.,
245 14 - TITLE STATEMENT
Title The philosophy of Chinese military culture
250 ## - EDITION STATEMENT
Edition statement 1st ed.
260 ## - PUBLICATION, DISTRIBUTION, ETC. (IMPRINT)
Place of publication New York, N.Y. :
Name of publisher Palgrave Macmillan,
Year of publication 2006.
300 ## - PHYSICAL DESCRIPTION
Number of Pages xii, 308 p. :
Other physical details ill.
650 #0 - SUBJECT ADDED ENTRY--TOPICAL TERM
Topical Term Military art and science
700 1# - ADDED ENTRY--PERSONAL NAME
Personal name Kim, Jae Chang.
856 40 - ELECTRONIC LOCATION AND ACCESS
Uniform Resource Identifier http://site.ebrary.com/lib/rucke/Doc?id=10150419

No items available.

© 2026 Rongo University
Contact us: librarian | system librarian | Rongo university